ბათუმის შოთა რუსთაველის სახელმწიფო უნივერსიტეტის ბიბლიოთეკა

Физико-химические методы исследования почв:адсорбционыые изотопные методы (ბიბ.ჩანაწერი № 46317)

000 -LEADER
fixed length control field 00803nam a2200205Ia 4500
001 - CONTROL NUMBER
control field 13153
003 - CONTROL NUMBER IDENTIFIER
control field GE_BSU
008 - FIXED-LENGTH DATA ELEMENTS--GENERAL INFORMATION
fixed length control field 181216s||||||||xx |||||||||||||| ||und||
040 ## - CATALOGING SOURCE
Transcribing agency GE_BSU
080 ## - UNIVERSAL DECIMAL CLASSIFICATION NUMBER
Universal Decimal Classification number 631.41(076)
245 ## - TITLE STATEMENT
Title Физико-химические методы исследования почв:адсорбционыые изотопные методы
245 ## - TITLE STATEMENT
Statement of responsibility, etc. Ред.колл.И.Н.Антипов-Коротаев. В.И.Баранов. Ю.А.Поляков
260 ## - PUBLICATION, DISTRIBUTION, ETC.
Place of publication, distribution, etc. Москва
260 ## - PUBLICATION, DISTRIBUTION, ETC.
Name of publisher, distributor, etc. Наука
260 ## - PUBLICATION, DISTRIBUTION, ETC.
Date of publication, distribution, etc. 1966
300 ## - PHYSICAL DESCRIPTION
Extent 200стр.илл.27см.
300 ## - PHYSICAL DESCRIPTION
Dimensions Библиогр.с.197-199
653 ## - INDEX TERM--UNCONTROLLED
Uncontrolled term Физико-химические методы исследования почв:адсорбционыые изотопные методы
942 ## - ADDED ENTRY ELEMENTS (KOHA)
Koha item type წიგნი
ეგზემპლარები
Withdrawn status Lost status Damaged status Not for loan Date acquired Barcode Date last seen Price effective from Koha item type
        2018-12-17 21063 2018-12-17 2018-12-17 წიგნი
        2018-12-17 21064 2018-12-17 2018-12-17 წიგნი